Champion de League of Legends(A-Z) - Statistiques

Statistiques générales
  • Ce quiz a été pris 188 fois
    183 depuis la dernière actualisation
  • Le résultat moyen est 20 sur 26
Statistiques - réponses
Lettre Indice Champion % Correct
A Renard à 9 queues Ahri
99%
E Reine araignée Elise
96%
I Danseuse des lames Irelia
91%
O Dieu de la forge volcanique Ornn
90%
Z Dame aux ronces Zyra
89%
N Chasseresse bestiale Nidalee
86%
B Coeur de freljord Braum
85%
W Fureur déchainé de Zaun Warwick
84%
G Colosse Galio
83%
J Avatar de l'air Janna
81%
Q Impératrice des elements Qiyana
80%
P Lance éternelle Pantheon
79%
F Sublime bretteuse Fiora
78%
V Saigneur pourpre Vladimir
78%
Y Gardienne du grimoire Yuumi
77%
U Gardien des esprits Udyr
76%
D Glorieux éxecuteur Draven
75%
T Scout de bantam Teemo
75%
H Ombre de la guerre Hecarim
74%
X Rebelle Xayah
72%
R Fier Traqueur Rengar
67%
K Faucheur de l'ombre Kayn
65%
M Revenant de fer Mordekaiser
63%
L Purificateur Lucian
55%
S Redemptrice Senna
51%
C Ombre d'acier Camille
50%
Aucun quiz correspondant
Distribution des résultats
% des personnes avec chaque résultat
Percentile par nombre de réponses
Votre historique - résultats
Vous n’avez pas pris ce quiz depuis la dernière actualisation